| 000 | 00371nam a2200157Ia 4500 | ||
|---|---|---|---|
| 999 |
_c807 _d807 |
||
| 003 | OSt | ||
| 005 | 20190918152842.0 | ||
| 008 | 190722s9999 xx 000 0 und d | ||
| 020 | _a978-9350141595 | ||
| 040 | _cmaju | ||
| 100 | _aJ.B.Gupta | ||
| 245 | 0 | _aElectrical and Electronics Engineering | |
| 260 |
_aDelhi _bS.K.Kataria _c2012 |
||
| 300 | _a568 | ||
| 942 |
_cBK _2ddc |
||